• 首页
  • 本馆介绍
  • 公告通知
  • 最新文献
  • 馆藏检索
  • 电子资源
  • 读者导购
  • 参考咨询
  • 我的图书馆
  • 登录
  • 详细信息显示
  • 放入我的书架
  • 预约/预借图书
  • 作者相关作品
  • 分类相关作品
  • 丛书相关作品
  • 出版社相关作品

书目信息

  • 表格格式
  • 工作单格式
  • 卡片格式
题名:
他物权善意取得研究
    
 
作者: 张庆华, 著
分册:  
出版信息: 北京   中国社会科学出版社  2014.10
页数: 234页
开本: 24cm
丛书名:
单 册:
中图分类: D923.24
科图分类:
主题词: 物权法--Wu Quan Fa--研究--中国 , 研究--Yan Jiu , 中国--Zhong Guo
电子资源:
ISBN: 978-7-5161-4994-2
000 01121nam0 22002891 450
001 0101082534
005 20161201102518.57
010    @a978-7-5161-4994-2@dCNY46.00
100    @a20141223d2014 em y0chiy50 ea
101 0  @achi
102    @aCN@b110000
105    @ay a 000yy
106    @ar
200 1  @a他物权善意取得研究@ATa Wu Quan Shan Yi Qu De Yan Jiu@dStudy on acquisition in good faith of other property right@f张庆华著@zeng
210    @a北京@c中国社会科学出版社@d2014.10
215    @a234页@d24cm
300    @a山东省高校科研发展计划研究项目 德州学院学术著作出版基金资助项目
320    @a有书目 (第226-232页)
330    @a本书以他物权善意取得总论为视角,从善意取得的立法体例、价值取向、理论前提、构成要件、法律效力等方面,研究了他物权善意取得的共性问题及其理论原则。
510 1  @aStudy on acquisition in good faith of other property right@zeng
606 0  @a物权法@AWu Quan Fa@x研究@y中国
606 0  @a研究@AYan Jiu
606 0  @a中国@AZhong Guo
690    @aD923.24@v5
701  0 @a张庆华,@AZhang Qing Hua ,@f1971-@4著
801  0 @aCN@bTANGWEI@c20161128
905    @b0952317-21@dD923.24@e1503@f5
    
    他物权善意取得研究=Study on acquisition in good faith of other property right/张庆华著.-北京:中国社会科学出版社,2014.10
    234页;24cm
    山东省高校科研发展计划研究项目 德州学院学术著作出版基金资助项目
    
    ISBN 978-7-5161-4994-2:CNY46.00
    本书以他物权善意取得总论为视角,从善意取得的立法体例、价值取向、理论前提、构成要件、法律效力等方面,研究了他物权善意取得的共性问题及其理论原则。
●
相关链接 在E读中查询图书 在五车中查询图书 在当当中查询图书 在豆瓣中查询图书


正题名:他物权善意取得研究     索取号:D923.24/1503         预约/预借

序号 登录号 条形码 馆藏地/架位号 状态 备注
1 0952317   209523176   第一样本阅览室/ [索取号:D923.24/1503] 在馆    
2 0952318   209523185   密集书库-史法系/ [索取号:D923.24/1503] 在馆    
3 0952319   209523194   第一借阅区/ [索取号:D923.24/1503] 在馆    
4 0952320   209523201   第一借阅区/ [索取号:D923.24/1503] 在馆    
5 0952321   209523210   第一借阅区/ [索取号:D923.24/1503] 在馆    
唐山师范学院图书馆 欢迎您!
大连网信软件有限公司© 版权所有